<?xml version="1.0" encoding="UTF-8"?>
<record
    xmlns:xsi="http://www.w3.org/2001/XMLSchema-instance"
    xsi:schemaLocation="http://www.loc.gov/MARC21/slim http://www.loc.gov/standards/marcxml/schema/MARC21slim.xsd"
    xmlns="http://www.loc.gov/MARC21/slim">

  <leader>00777nam a2200241 a 4500</leader>
  <controlfield tag="003">OSt</controlfield>
  <controlfield tag="005">20171120145616.0</controlfield>
  <controlfield tag="008">1     s2011    spc||||  |||| 0|1 0aspa|d</controlfield>
  <datafield tag="017" ind1=" " ind2=" ">
    <subfield code="a">DL B. 44689-2011</subfield>
    <subfield code="b">Biblioteca de Catalunya</subfield>
  </datafield>
  <datafield tag="020" ind1=" " ind2=" ">
    <subfield code="a">9788480409696</subfield>
  </datafield>
  <datafield tag="040" ind1=" " ind2=" ">
    <subfield code="a">ES-BaBC</subfield>
    <subfield code="b">cat</subfield>
    <subfield code="c">CDMR</subfield>
  </datafield>
  <datafield tag="080" ind1=" " ind2=" ">
    <subfield code="a">929Vargas Llosa, Mario</subfield>
  </datafield>
  <datafield tag="100" ind1="1" ind2=" ">
    <subfield code="a">Vargas Llosa, Mario,</subfield>
    <subfield code="d">1936-</subfield>
  </datafield>
  <datafield tag="245" ind1="1" ind2="3">
    <subfield code="a">El Pez en el agua /</subfield>
    <subfield code="c">Mario Vargas Llosa</subfield>
  </datafield>
  <datafield tag="260" ind1=" " ind2=" ">
    <subfield code="a">[Madrid] :</subfield>
    <subfield code="b">Punto de Lectura,</subfield>
    <subfield code="c">2011</subfield>
    <subfield code="e">([Gav&#xE0;] :</subfield>
    <subfield code="f">Litograf&#xED;a Ros&#xE9;s)</subfield>
  </datafield>
  <datafield tag="300" ind1=" " ind2=" ">
    <subfield code="a">618 p. ;</subfield>
    <subfield code="c">19 cm</subfield>
  </datafield>
  <datafield tag="504" ind1=" " ind2=" ">
    <subfield code="a">Refer&#xE8;ncies bibliogr&#xE0;fiques. &#xCD;ndex</subfield>
  </datafield>
  <datafield tag="600" ind1="1" ind2="7">
    <subfield code="a">Vargas Llosa, Mario,</subfield>
    <subfield code="d">1936-</subfield>
    <subfield code="2">lemac</subfield>
  </datafield>
  <datafield tag="650" ind1=" " ind2="7">
    <subfield code="a">Escriptors peruans</subfield>
    <subfield code="y">S. XX</subfield>
    <subfield code="x">Biografia</subfield>
    <subfield code="2">lemac</subfield>
  </datafield>
  <datafield tag="650" ind1="0" ind2="4">
    <subfield code="a">Reportatges literaris</subfield>
    <subfield code="9">797</subfield>
  </datafield>
  <datafield tag="940" ind1=" " ind2=" ">
    <subfield code="a">BC</subfield>
  </datafield>
  <datafield tag="942" ind1=" " ind2=" ">
    <subfield code="c">MON</subfield>
  </datafield>
  <datafield tag="999" ind1=" " ind2=" ">
    <subfield code="c">7086</subfield>
    <subfield code="d">7086</subfield>
  </datafield>
  <datafield tag="952" ind1=" " ind2=" ">
    <subfield code="0">0</subfield>
    <subfield code="1">0</subfield>
    <subfield code="4">0</subfield>
    <subfield code="7">0</subfield>
    <subfield code="a">CDMR</subfield>
    <subfield code="b">CDMR</subfield>
    <subfield code="d">2017-11-20</subfield>
    <subfield code="e">Intercanvi</subfield>
    <subfield code="g">20.42</subfield>
    <subfield code="l">0</subfield>
    <subfield code="o">Bk 85</subfield>
    <subfield code="p">CDMR17111267</subfield>
    <subfield code="r">2017-11-20</subfield>
    <subfield code="v">20.42</subfield>
    <subfield code="w">2017-11-20</subfield>
    <subfield code="y">MON</subfield>
  </datafield>
</record>
